01106nam a2200241Ia 4500003000900000008004100009040001600050080001900066111010000085245025600185260003500441300001500476490006400491650003000555650001900585650002600604650002700630700003300657710002900690942000700719999001500726952012300741IN-BaIIA211028s9999 xx 000 0 eng d cIIA Library a063:53bENF-38 aConference of International School of Physics "Enrico Fermi"cItalyd1966 June 27- July 995566 0aInteraction of high-energy particles with nucleibproceedings of the international School of Physics "Enrico Fermi" Varenna on Lake Como Villa Monastero, 27th June - 9th July 1966cedited by T. E. O. Ericson  aNew YorkbAcademic Pressc1967 axii, 330p. aInternational School of Physics "Enrico Fermi" Course v. 38 aHigh Energy Physics92205 aNASA Thesaurus aNuclear Physics91527 aParticle Physics91847 aEricson, T. E. O., ed.95567 aItalian Physical Society cBK c3136d3136 00104070aBANbBANcGENd1968-11-28g115.20l0o063:53/ ENF-38p3487r2021-11-05v115.20w1968-11-28yBKGRs. 115.20